OpenGL průvodce programátora

Gespeichert in:
Bibliographische Detailangaben
Format: Buch
Sprache:Tschechisch
Veröffentlicht: Brno Computer Press 2006
Ausgabe:1. vyd.
Schlagworte:
Online-Zugang:Im OPAC anzeigen
Tags: Tag hinzufügen
Keine Tags, Fügen Sie das erste Tag hinzu!

MARC

LEADER 00000nam a2200000 a 4500
005 20260127133941.0
008 080930 2008 xr 000 0 cze d
020 |a 8025112756 
035 |a vtls009340167 
039 9 |y 200809301342  |z mschk03 
040 |a STUSCHK1  |b slo  |c STUSCHK1  |e AACR2 
080 |a 004.42OpenGL 
080 |a 004.932 
080 |a 004.92 
080 |a (035) 
245 1 |a OpenGL  |b průvodce programátora  |c Dave Shreiner...[et al.: preklad Jiří Fadrný] 
250 |a 1. vyd. 
260 |a Brno  |b Computer Press  |c 2006 
300 |a 679 s.  |b [16] barev.obr.,príl.  |c 23 cm 
500 |a prekl. z angličtiny 
650 0 |a OpenGL 
650 0 |a grafický softvér 
650 0 |a počítačová grafika 
910 |a SCHK95 
919 |a 80-251-1275-6 (viaz.) 
999 |c 726  |d 726